European Countries with an 'R' Quiz Stats

Quiz Updated Jul 14, 2016

Challenge
Share
Tweet
Score 0/25 Timer 02:00
6 Plays Today
% Correct
France
97.3%
Germany
97.1%
Portugal
95.3%
Ukraine
94.3%
Russia
94%
Norway
93.9%
Ireland
93.9%
Greece
93.6%
Romania
93%
Turkey
92.4%
Austria
90.9%
Belarus
89%
Switzerland
88.6%
% Correct
Netherlands
87.6%
Croatia
86.1%
Bulgaria
85.8%
Hungary
85.8%
Serbia
83.6%
Bosnia and Herzegovina
82.9%
Denmark
76.4%
Montenegro
70.8%
Cyprus
67.3%
Luxembourg
62.5%
Andorra
60.6%
San Marino
58.3%

You're not logged in!

Compare scores with friends on all Sporcle quizzes.
Sign Up with Email
OR
Log In

You Might Also Like...

Show Comments

Extras

Top Quizzes Today


Score Distribution

Your Account Isn't Verified!

In order to create a playlist on Sporcle, you need to verify the email address you used during registration. Go to your Sporcle Settings to finish the process.